| 000 | 00556cam a2200193ua 4500 | ||
|---|---|---|---|
| 041 |
_aeng _h |
||
| 082 |
_a302.2 _bKIV/CO |
||
| 100 | _aKivilin, Joseph E . | ||
| 245 |
_aCommunication in India: experiments in introducing change / _cJoseph E kivilin. _hTextual Documents |
||
| 250 |
_a1 / _b. |
||
| 260 |
_aHyderabad : _bNational Institute of Community Development , _c1968. |
||
| 300 | _a56 ; . | ||
| 504 | _a | ||
| 700 | 1 | _aFliegel, Frederic C . | |
| 700 | 1 | _aRoy , Prodipto . | |
| 700 | 1 | _aSen, Lalit K . | |
| 942 | _cBK | ||
| 999 |
_c3524 _d3524 |
||